Bilecik Bilecik Bilecik Bilecik Bilecik

Arşiv belgeleriyle Ermeni faaliyetleri 1914-1918 = (Record no. 28507)

MARC details
000 -BAŞLIK
Sabit Uzunluktaki Kontrol Alanı 01162nam a22003137a 4500
001 - KONTROL NUMARASI
Control Dosyası 0028585
003 - KONTROL NUMARASI KİMLİĞİ
Kontrol Alanı KOHA_MİRAKIL
005 - EN SON İŞLEM TARİHİ ve ZAMANI
Kontrol Alanı 20260207002635.0
007 - FİZİKSEL TANIM SABİT ALAN - GENEL BİLGİ
Sabit uzunluklu kontrol alanı ta
008 - SABİT UZUNLUKTAKİ VERİ ÖGELERİ - GENEL BİLGİ
Sabit Alan 110316b2006 tu |||gr||||#0|||0|tur |
020 ## - ISBN - ULUSLARARASI STANDART KİTAP NUMARASI
Isbn 9754093121
Nitelik bilgileri (T.No) 9754093679
-- (3.c)
Kullanılabilirlik koşulları 0,01
040 ## - KATALOGLAMA KAYNAĞI
Özgün Kataloglama Kurumu TR-BiSEU
Kataloglama Dili tur
Çeviri Kurumu TR-BiSEU
Açıklama Kuralları rda
041 0# - DİL KODU
Metin ya da ses kaydının dil kodu tur
044 ## - YAYINLAYAN/ÜRETEN KURULUŞUN ÜLKE KODU
ISO country code tu
050 ## - SINIFLAMA ve YER NUMARASI
Sınıflama Numarası DR435
Yer Numarası .A77 2006
240 10 - TEK BİÇİM BAŞLIK
Tekbiçim Başlık <a href="Armenian activities in the archive documents III (1914-1915)">Armenian activities in the archive documents III (1914-1915)</a>
Language of a work Türkçe
245 1# - ESER ADI BİLDİRİMİ
Başlık Arşiv belgeleriyle Ermeni faaliyetleri 1914-1918 =
Alt Eseradı vb. Armenian activities in the archive documents III (1914-1915)/
Sorumluluk Bildirimi Genelkurmay Başkanlığı.
264 #1 - ÜRERİM, YAYIN, DAĞITIM ve TELİF BİLDİRİMİ
Yayın yeri Ankara :
Yayınlayan Genelkurmay Başkanlığı
Yayın tarihi 2006
300 ## - FİZİKSEL TANIMLAMA
Sayfa, Cilt vb. 714 s.3 c.
336 ## - İÇERİK TÜRÜ
Content type term metin
Content type code txt
Source rdacontent
337 ## - MEDYA TÜRÜ
Media type term aracısız
Media type code n
Source rdamedia
338 ## - TAŞIYICI TÜRÜ
Carrier type term cilt
Carrier type code nc
Source rdacarrier
490 1# - DİZİ BİLDİRİMİ
Dizi Bildirimi Genelkurmay ATASE ve Genelkurmay Denetleme Başkanlığı yayınları ;
Cilt Numarası 2006/56
650 #0 - KONU BAŞLIĞI EK GİRİŞ - KONU TERİMİ
Konusal terim veya coğrafi ad Ermeni sorunu--Türkiye.
9 (RLIN) 8062
650 #0 - KONU BAŞLIĞI EK GİRİŞ - KONU TERİMİ
Konusal terim veya coğrafi ad Ermeniler--Türkiye.
9 (RLIN) 15120
830 1# - SERİ EK GİRİŞİ - TEKBİÇİM ESER ADI
Tekbiçim Başlık Genelkurmay ATASE ve Genelkurmay Denetleme Başkanlığı yayınları ;
Volume number/sequential designation 2006/56
9 (RLIN) 56639
907 ## - LOCAL DATA ELEMENT G, LDG (RLIN)
a Tarih
942 ## - EK GİRİŞ ÖGELERİ (KOHA)
Source of classification or shelving scheme Library of Congress Classification
Koha item type Book
Holdings
Materyal Türü Kalıcı Konum Mevcut Konum Raf Yeri Sınıflandırma Kaynağı Edinim Bilgisi Ana Konular Alt Konular Yer Numarası Cilt Bilgisi Demirbaş Numarası Fatura Tarihi Geri Çekilme Durumu Kayıp Durumu Hasarlı Durumu Kredi için değil Kayıt Tarih Toplam Ödünçverme Son Görülme Tarihi Son Kontrol Tarihi Genel / Bağış Notu
Book Prof. Dr. Azmi Özcan Kütüphanesi Prof. Dr. Azmi Özcan Kütüphanesi Uluğbey Salonu Library of Congress Classification Bağış DÜNYA TARİHİ (AVRUPA, ASYA, AFRİKA VB.) Balkan Yarımadası DR435 .A77 2006 c.3 0028585 02/02/2026         16/03/2011   05/12/2024 05/12/2024 Galatasaray Üniversitesi